| 000 | 00492nam a22001817a 4500 | ||
|---|---|---|---|
| 005 | 20251108171843.0 | ||
| 008 | 250721s1989 xx 000 0 ara d | ||
| 082 | 1 | 4 | _a618.92/عبي |
| 100 | 1 | _aعبيد، أنطوان | |
| 245 | 1 | 0 | _aدليلك إلى صحة ولدك / |
| 264 | 1 |
_aبيروت : _bدار الجيل، _c1989. |
|
| 300 | _a576ص | ||
| 650 | 1 | 7 | _aالأطفال |
| 650 | 1 | 7 | _aالأمراض |
| 650 | 1 | 7 | _aالرعاية الصحية |
| 942 |
_2ddc _cBK |
||
| 999 |
_c64327 _d64327 |
||